Tratados y acuerdos internacionales de la República Dominicana / (Registro nro. 13577)

Detalles MARC
000 -LEADER
fixed length control field 01379nam a2200337 a 4500
001 - CONTROL NUMBER
control field
003 - CONTROL NUMBER IDENTIFIER
control field DO-SdBNP
005 - DATE AND TIME OF LATEST TRANSACTION
control field 20210719112117.0
008 - FIXED-LENGTH DATA ELEMENTS--GENERAL INFORMATION
fixed length control field 140320s2007 dr r 001 0 spa d
020 ## - INTERNATIONAL STANDARD BOOK NUMBER
International Standard Book Number 9945412051
040 ## - CATALOGING SOURCE
Original cataloging agency BPMSU
Language of cataloging spa
Transcribing agency BPMSU
082 ## - DEWEY DECIMAL CLASSIFICATION NUMBER
Classification number 341.377293
Item number R426t 2007
Edition number 22
110 2# - MAIN ENTRY--CORPORATE NAME
Corporate name or jurisdiction name as entry element República Dominicana
240 10 - UNIFORM TITLE
Uniform title <a href="[Tratados, etc.]">[Tratados, etc.]</a>
245 10 - TITLE STATEMENT
Title Tratados y acuerdos internacionales de la República Dominicana /
Statement of responsibility, etc. editora Aida Montero; prólogo Rosa Campillo Celado.
260 ## - PUBLICATION, DISTRIBUTION, ETC. (IMPRINT)
Place of publication, distribution, etc. Santo Domingo :
Name of publisher, distributor, etc. FUNGLODE,
Date of publication, distribution, etc. 2007.
300 ## - PHYSICAL DESCRIPTION
Extent v. ;
Dimensions 26 cm.
500 ## - GENERAL NOTE
General note La biblioteca posee los volúmenes 4,11, 12
505 0# - FORMATTED CONTENTS NOTE
Miscellaneous information v.4.
Title Tratados culturales --
Miscellaneous information v.9.
Title Tratados laborales --
Miscellaneous information v.11.
Title Tratados sobre propiedad intelectual
Miscellaneous information v.12.
Title Tratados sanitarios y sustancias sicotrópicas
Miscellaneous information v.13.
Title Seguridad colectiva
590 ## - LOCAL NOTE (RLIN)
Local note Inventariado, 2021/VM
650 #4 - SUBJECT ADDED ENTRY--TOPICAL TERM
Topical term or geographic name as entry element Tratados comerciales
Geographic subdivision República Dominicana
650 #4 - SUBJECT ADDED ENTRY--TOPICAL TERM
Topical term or geographic name as entry element Negociaciones comerciales
651 #4 - SUBJECT ADDED ENTRY--GEOGRAPHIC NAME
Geographic name República Dominicana
General subdivision Relaciones exteriores
Form subdivision Tratados
651 #4 - SUBJECT ADDED ENTRY--GEOGRAPHIC NAME
Geographic name República Dominicana
General subdivision Tratados internacionales
651 #4 - SUBJECT ADDED ENTRY--GEOGRAPHIC NAME
Geographic name República Dominicana
General subdivision Política y gobierno
Form subdivision Tratados
700 1# - ADDED ENTRY--PERSONAL NAME
Personal name Montero, Aida,
Relator term ed.
700 1# - ADDED ENTRY--PERSONAL NAME
Personal name Campillo Celado, Rosa,
Relator term pról.
710 ## - ADDED ENTRY--CORPORATE NAME
Corporate name or jurisdiction name as entry element Fundación Global Democracía y Desarrollo (República Dominicana)
910 ## - USER-OPTION DATA (OCLC)
User-option data VMateo V.
942 ## - ADDED ENTRY ELEMENTS (KOHA)
Source of classification or shelving scheme Dewey Decimal Classification
Koha item type Libros
Existencias
Withdrawn status Lost status Source of classification or shelving scheme Damaged status Not for loan Collection code Home library Current library Date acquired Total Checkouts Full call number Barcode Date last seen Copy number Price effective from Koha item type Source of acquisition
    Dewey Decimal Classification     Colección Dominicana Biblioteca Pública Metropolitana Salomé Ureña Biblioteca Pública Metropolitana Salomé Ureña 07/19/2021   BPMSU CD 341.377293 R426t 2007 BPMSU21070009 07/19/2021 v.4 07/19/2021 Libros  
    Dewey Decimal Classification     Colección Dominicana Biblioteca Pública Metropolitana Salomé Ureña Biblioteca Pública Metropolitana Salomé Ureña 07/19/2021   BPMSU CD 341.377293 R426t 2005 BPMSU21070012 07/19/2021 v.11 07/19/2021 Libros FUNGLODE
    Dewey Decimal Classification     Colección Dominicana Biblioteca Pública Metropolitana Salomé Ureña Biblioteca Pública Metropolitana Salomé Ureña 07/19/2021   BPMSU CD 341.377293 R426t 2007 BPMSU21070013 07/19/2021 v.12 07/19/2021 Libros FUNGLODE